00787 2200193 4500001002100000005001500021035002000036245019100056100002700247250002000274300004300294856002200337700013300359260003300492082001000525084001600535020002200551600002000573INLIS00000000114806320260330100007 a0010-03260005741 aFEMINIM DALAM DONGENG /cPenulis; Marie-Louise Von Franz, Penerjemah; Aquarina Kharisma Sari, Penyunting; Yus R., Tata Sampul; Alfin Rizal, Tata Isi; Vitrya, Pracetak; Antini, Dwi, Wardi0 aMarie-Louise Von Franz aCetakan Pertama a312 halaman :b- ;c14 x 20 cmeKertas aPerpustakaan Umum0 aPenerjemah; Aquarina Kharisma Sari, Penyunting; Yus R., Tata Sampul; Alfin Rizal, Tata Isi; Vitrya, Pracetak; Antini, Dwi, Wardi aYogyakarta :bIRCiSoD,c2023 a155.6 a155.6 MAR f a978-623-5348-44-5 4aSocial Sciences